000
00305 a2200145 4500
001
15428
020
_a
9781846468148
040
_c
Anchieta - Bela Vista
100
_a
Clark, Lesley
240
1
0
_a
1 2 3
_l
Ing
245
1
0
_a
1 2 3
300
_a
27
650
4
_a
Literatura infantil em inglês
942
_c
BK
999
_c
15428
_d
15428